Mots qui contiennent un double D (click quiz) - Statistiques

Statistiques générales
  • Ce quiz a été pris 36 fois
  • Le résultat moyen est 6 sur 7
Statistiques - réponses
Hint Réponse % Correct
Adddultère 1
94%
Cadddenasser 1
91%
Adddition 2
85%
Odddyssée 1
79%
Adddictologue 2
74%
Boudddha 2
68%
Adddax 2
65%
Aucun quiz correspondant
Distribution des résultats
% des personnes avec chaque résultat
Percentile par nombre de réponses
Votre historique - résultats
Vous n’avez pas pris ce quiz